Automatizácia testovacích činností vybraného modulu finančnej inštitúcie

Enregistré dans:
Détails bibliographiques
Auteur principal: Kačina, Jakub (Auteur)
Autres auteurs: Špendla, Lukáš (Directeur de thèse)
Format: Manuscrit Livre
Langue:slovaque
Publié: 2021
Sujets:
Accès en ligne:http://is.stuba.sk/zp/portal_zp.pl?podrobnosti=158330
Tags: Ajouter un tag
Pas de tags, Soyez le premier à ajouter un tag!

MARC

LEADER 00000ntm a22000003a 4500
001 stuzp83820
003 SK-STU
005 20210612212158.5
007 ta
008 150427s2015----xo-----f-mn---000-0-slo-d
040 |a STU  |b slo 
041 0 |a slo 
100 1 |a Kačina, Jakub  |u 066000  |k Z4  |4 aut  |U MTF Materiálovotechnologická fakulta  |T MTF Ústav aplikovanej informatiky, automatizácie a mechatroniky  |X 85375  |U M6000  |Y 86  |7 85375 
242 0 1 |a Automation of testing activities of selected module of financial institution  |y eng 
245 1 0 |a Automatizácia testovacích činností vybraného modulu finančnej inštitúcie 
260 |c 2021 
650 4 |a FLEXCUBE  |2 slo 
650 4 |a Testovací scenár  |2 slo 
650 4 |a Manuálny test  |2 slo 
650 4 |a Automatizovaný test  |2 slo 
650 4 |a Regresný test  |2 slo 
650 4 |a Proces  |2 slo 
650 4 |a FLEXCUBE  |2 eng 
650 4 |a Test case  |2 eng 
650 4 |a Manual test  |2 eng 
650 4 |a Automated test  |2 eng 
650 4 |a Regression test  |2 eng 
650 4 |a Process  |2 eng 
700 1 |a Špendla, Lukáš  |u 066000  |k Z1  |4 ths  |U MTF Materiálovotechnologická fakulta  |T MTF Ústav aplikovanej informatiky, automatizácie a mechatroniky  |X 52333  |U M6000  |Y 86  |7 A000052333 
856 4 |u http://is.stuba.sk/zp/portal_zp.pl?podrobnosti=158330 
996 |c M* DP-14662  |l MMSKP  |s P  |a 0  |w stuzp83820_0001